Music Quiz

Random Music or Artist Quiz

Songs' Closing Lyrics Quiz Stats

 Plays Quiz not verified by Sporcle

Score 0/20 Timer 04:00
0 Plays Today
Closing Lyric Song % Correct
I'll be watching you.Every Breath You Take
67.4%
They're all wasted! Baba O'Riley
44.9%
Wonder how you manage to make ends meet. Lady Madonna
41.6%
My aim is true.Alison
28.1%
Even brighter than the moon, moon, moonFirework
23.6%
I never felt so much alive, alive, alive...London Calling
14.6%
Come on, you gotta' listen unto me, lay off that whisky, and let that cocaine be!Cocaine Blues
10.1%
And it's one for the dagger and another for the one you believe Chelsea Dagger
9%
She once was a true love of mine.Girl From The North Country
7.9%
And drop them into the muddy water off the Tallahatchie BridgeOde to Billy Joe
7.9%
Closing Lyric Song % Correct
You're crazy for this one Rick, it's your boy99 Problems
6.7%
Yeah, she looks so right, she's all I need tonight Here Comes My Girl
5.6%
All I ask is please, please love me... Oh yeah...Love Me
4.5%
How can we go forward into something we're not sure of? Oh no, oh noHow?
3.4%
Let's go back to Zuma beach, I'll give you half of everything I own!Some Girls
3.4%
It's ok, it's ok, say that you love me, yeah, say you love me.It's OK
2.2%
Hey! Hey....he's pu tight...out of sight... Come on. Hey! Hey!Papa's Got A Brand New Bag
1.1%
Girl you give me good feelings, so good, somethin’ like summertimeLet's Get It On
1.1%
Just drink the water where you came from, where you came fromRadioactive
1.1%
Beyond where we should have gone Sleep Through The Static
0%

You're not logged in!

Compare scores with friends on all Sporcle quizzes.
OR
Log In

Show Comments

Extras

Created Nov 24, 2010ReportNominate
Tags:Artist Quiz, Song Quiz, closing

Top Quizzes Today


Score Distribution

Your Account Isn't Verified!

In order to create a playlist on Sporcle, you need to verify the email address you used during registration. Go to your Sporcle Settings to finish the process.

Report this User

Report this user for behavior that violates our Community Guidelines.

Details: